000 nam a22 7a 4500
999 _c10748
_d10748
008 180223b ||||| |||| 00| 0 eng d
100 _aVedam,CJ.
_96596
245 _aComputer Era Next-1
260 _aNew Delhi
_bGoodluck
_c2011